000 00461nam a2200157 i 4500
001 70364
003 ES-MaACL
005 20230906170810.0
007 t|
008 040722s1969 sp ||||1| spa d
100 1 _aGarcía-Salve, Francisco.
_955252
245 1 0 _a¡Serás hombre!
_b: formación integral en equipo /
_cFrancisco García-Salve.
260 _aBilbao :
_bMensajero,
_c[1969]
300 _a231 p. ;
_c19 cm.
852 _aES-MaACL
_jC-51437
_bR.70537
999 _c70364
_d70364